000 00642pam a2200217 a 4500
001 3504478
005 20250515180637.0
008 950301s1996 ilua b 001 0 eng
020 _a0256170681
050 0 0 _aHF5549
_b.R7825 1996
082 0 0 _a658.3/02
_220
100 1 _aRue, Leslie W.
245 1 0 _aSupervision, key link to productivity /
_cLeslie W. Rue, Lloyd L. Byars.
250 _a5th ed.
260 _aChicago :
_bIrwin,
_c1996.
300 _axviii, 462 p. :
_bill. (some col.) ;
_c26 cm.
500 _a"Times Mirror books"--T.p. verso.
650 0 _aSupervision of employees.
700 1 _aByars, Lloyd L.
942 _2lcc
_cBK
_n0
999 _c5803
_d5803